Trudny Quiz Geograficzny! - Statystyki

Ogólne statystyki
  • Ten quiz został rozwiązany 117 razy
  • Średni wynik to 13 z 25
Statystyki odpowiedzi
Numer pytania Pytanie Odpowiedź % Poprawnych
2.(łatwe) Który kontynent jest najmniejszy? Australia
97%
15.(trudne) Które państwo ma najwięcej raf koralowych? Australia
97%
4.(łatwe) Jakie miasto jest stolicą Polski? Warszawa
97%
5.(łatwe) Która rzeka przepływa przez Warszawę? Wisła
97%
3.(łatwe) Jaki jest największy ocean na świecie? Ocean Spokojny
96%
1.(łatwe) Jaki jest najwyższy szczyt w Polsce? Rysy
93%
6.(średnie) Które państwo ma najdłuższą linię brzegową w Europie? Norwegia
88%
7.(średnie) Jaki jest najdłuższy łańcuch górski w Europie? Alpy
84%
10.(średnie) Które państwo ma najwięcej granic z innymi państwami? Chiny
74%
17.(trudne) Które państwo ma najwięcej pustyń? Chiny
74%
9.(średnie) Jaki jest najsuchszy kontynent na świecie? Antarktyda
71%
8.(średnie) Które państwo ma najwięcej jezior na świecie? Kanada
70%
19.(trudne) Jaki jest najdłuższy łańcuch górski na świecie? Andy
47%
18.(trudne) Które państwo ma najwięcej jezior lodowcowych? Finlandia
46%
12.(trudne) Które państwo ma najwięcej wulkanów czynnych? Indonezja
42%
11.(trudne) Jaki jest najniżej położony punkt na Ziemi? Rów Mariański
41%
16.(trudne) Jaki jest najdłuższy kanion na świecie? Wielki Kanion
32%
14.(trudne) Jaki jest najwyżej położony punkt w Europie? Mount Elbrus
24%
23.(niemożliwe) Jaki jest średni czas trwania jednego cyklu lodowcowego na Ziemi? 100000 lat
18%
25.(niemożliwe) Jaka jest średnia temperatura wnętrza Ziemi? 5000 stopni celsjusza
13%
21.(niemożliwe) Jaka jest średnia gęstość skał budujących skorupę ziemską? 2,7 grama na cm sześcienny
7%
24.(niemożliwe) Jaka jest średnia głębokość oceanów na Ziemi? 3,7 kilometra
5%
13.(trudne) Jaki jest najdłuższy lodowiec na świecie? Lodowiec Lambert
3%
22.(niemożliwe) Jaka jest prędkość rotacji Ziemi wokół własnej osi w metrach na sekundę? 465
2%
20.(trudne) Jaki jest najdłuższy łańcuch górski na świecie, jeśli weźmiemy pod uwagę zarówno góry podwodne, jak i te na powierzchni? Grzbiet Śródatlantycki
2%
Nie znaleziono quizów pasujących do podanych kryteriów
Rozkład punktacji
Procent ludzi z każdym wynikiem
Percentyl według liczby udzielonych odpowiedzi
Twoja historia wyników
Nie rozwiązałeś tego quizu